[Event "Madrid ch Veteranos 2223"]
[Site "Madrid ESP"]
[Date "2023.04.25"]
[Round "7.1"]
[White "Rojas Pozo, Jose Luis"]
[Black "Candela Perez, Jose"]
[Result "1/2-1/2"]
[WhiteElo "1865"]
[BlackElo "2299"]
[PlyCount "132"]
[EventDate "2023.04.17"]
[EventType "swiss"]
[EventRounds "9"]
[EventCountry "ESP"]
[SourceTitle "Ajedrez en Madrid"]
[Source "lmi"]
[SourceDate "2023.04.17"]
[SourceVersion "1"]
[SourceVersionDate "2023.05.22"]
[SourceQuality "1"]

1. d4 Nf6 2. c4 c5 3. d5 e6 4. Nc3 exd5 5. cxd5 d6 6. e4 g6 7. Be2 Bg7 8. Nf3
Bg4 9. O-O O-O 10. h3 Bxf3 11. Bxf3 Na6 12. Bf4 Ne8 13. Qd2 Nac7 14. a4 a6 15.
Bh6 Bxh6 16. Qxh6 Nf6 17. Qf4 Qe7 18. Rfe1 Nd7 19. Be2 Rae8 20. Bc4 Ne5 21. b3
Qd7 22. Qf6 b5 23. axb5 axb5 24. Bf1 b4 25. Na4 Qe7 26. Qxe7 Rxe7 27. Nb6 Rb8
28. Na4 Rbe8 29. Nxc5 dxc5 30. d6 Rd7 31. dxc7 Rxc7 32. f4 Nc6 33. Bb5 Rd8 34.
Bxc6 Rxc6 35. Rad1 Rxd1 36. Rxd1 c4 37. bxc4 Rxc4 38. Rd8+ Kg7 39. Re8 f6 40.
Re7+ Kf8 41. Rxh7 Rxe4 42. f5 gxf5 43. Kf2 Re7 44. Rh8+ Kf7 45. Rb8 Re4 46. Kf3
Ke6 47. g4 Kd5 48. Rb5+ Kc4 49. Rxf5 Re6 50. g5 b3 51. Kg4 b2 52. Rf1 fxg5 53.
Kxg5 Re5+ 54. Kg4 Re4+ 55. Kg5 Re5+ 56. Kg6 Re3 57. h4 Rg3+ 58. Kh6 Kb3 59. h5
Ka2 60. Rf2 Ka1 61. Rf1+ b1=Q 62. Rxb1+ Kxb1 63. Kh7 Kc2 64. h6 Kd3 65. Kh8 Ke4
66. h7 Kf5 1/2-1/2

[Event "Madrid ch Veteranos 2223"]
[Site "Madrid ESP"]
[Date "2023.04.25"]
[Round "7.2"]
[White "Martin Rodriguez, Emilio"]
[Black "Moreno Ruiz, Javier"]
[Result "0-1"]
[WhiteElo "1965"]
[BlackElo "2427"]
[PlyCount "70"]
[EventDate "2023.04.17"]
[EventType "swiss"]
[EventRounds "9"]
[EventCountry "ESP"]
[SourceTitle "Ajedrez en Madrid"]
[Source "lmi"]
[SourceDate "2023.04.17"]
[SourceVersion "1"]
[SourceVersionDate "2023.05.22"]
[SourceQuality "1"]

1. d4 Nf6 2. Nf3 g6 3. Bg5 Bg7 4. Nbd2 O-O 5. e4 d5 6. exd5 Nxd5 7. c3 Nd7 8.
Bc4 N5b6 9. Be2 c5 10. O-O cxd4 11. Nxd4 Nf6 12. N2f3 h6 13. Be3 Nfd5 14. Bd2
e5 15. Nc2 Qc7 16. Qc1 Kh7 17. a4 Nc4 18. Bxc4 Qxc4 19. Ne3 Nxe3 20. Bxe3 Bd7
21. Nd2 Qh4 22. Nf3 Qh5 23. Nd2 Bc6 24. f3 f5 25. Nb3 f4 26. Bc5 Rfe8 27. Nd2
e4 28. Ba3 e3 29. Nb3 e2 30. Re1 Bxf3 31. gxf3 Qxf3 32. Nd4 Qg4+ 33. Kf2 Bf6
34. Nxe2 Bh4+ 35. Ng3 fxg3+ 0-1

[Event "Madrid ch Veteranos 2223"]
[Site "Madrid ESP"]
[Date "2023.04.25"]
[Round "7.3"]
[White "Longa Yauca, Javier"]
[Black "Vazquez Gonzalez, Jesus"]
[Result "1-0"]
[WhiteElo "2219"]
[BlackElo "1908"]
[PlyCount "69"]
[EventDate "2023.04.17"]
[EventType "swiss"]
[EventRounds "9"]
[EventCountry "ESP"]
[SourceTitle "Ajedrez en Madrid"]
[Source "lmi"]
[SourceDate "2023.04.17"]
[SourceVersion "1"]
[SourceVersionDate "2023.05.22"]
[SourceQuality "1"]

1. d4 d5 2. c4 e6 3. Nc3 Nf6 4. Bg5 Be7 5. e3 O-O 6. Nf3 Nbd7 7. Qc2 c6 8. Rd1
h6 9. Bh4 dxc4 10. Bxc4 Nd5 11. Bg3 b5 12. Be2 Nxc3 13. Qxc3 Bb7 14. O-O a5 15.
e4 b4 16. Qe3 Ba6 17. Bxa6 Rxa6 18. Rc1 Qb6 19. Rfd1 Re8 20. h4 Qb5 21. Nd2 Nb6
22. Bc7 Bxh4 23. Rc5 Qa4 24. Ra1 b3 25. Nxb3 Bd8 26. Bxd8 Rxd8 27. Qc3 Nd7 28.
Rxa5 Rxa5 29. Qxa5 Ra8 30. Qxa4 Rxa4 31. a3 c5 32. dxc5 Rc4 33. Rd1 Nxc5 34.
Rd8+ Kh7 35. Rc8 1-0

[Event "Madrid ch Veteranos 2223"]
[Site "Madrid ESP"]
[Date "2023.04.25"]
[Round "7.5"]
[White "De Paz Nistal, Santiago"]
[Black "Moreno Torrero, Javier"]
[Result "1/2-1/2"]
[WhiteElo "1866"]
[BlackElo "1891"]
[PlyCount "43"]
[EventDate "2023.04.17"]
[EventType "swiss"]
[EventRounds "9"]
[EventCountry "ESP"]
[SourceTitle "Ajedrez en Madrid"]
[Source "lmi"]
[SourceDate "2023.04.17"]
[SourceVersion "1"]
[SourceVersionDate "2023.05.22"]
[SourceQuality "1"]

1. e4 c5 2. Nc3 Nc6 3. g3 g6 4. Bg2 Bg7 5. Nge2 d6 6. d3 e5 7. Be3 Nge7 8. f4
Nd4 9. O-O O-O 10. Qd2 f5 11. Nd1 Rb8 12. c3 Nxe2+ 13. Qxe2 b6 14. Nf2 Qc7 15.
Rac1 Bb7 16. Qd2 Rbd8 17. Nh3 d5 18. exd5 Nxd5 19. Rcd1 Nxe3 20. Qxe3 Bxg2 21.
Kxg2 Rfe8 22. Qf3 1/2-1/2

[Event "Madrid ch Veteranos 2223"]
[Site "Madrid ESP"]
[Date "2023.04.25"]
[Round "7.6"]
[White "Cabañas Bravo, Juan Andres"]
[Black "Fernandez Aransay, Fernando"]
[Result "1-0"]
[WhiteElo "1914"]
[BlackElo "1808"]
[PlyCount "109"]
[EventDate "2023.04.17"]
[EventType "swiss"]
[EventRounds "9"]
[EventCountry "ESP"]
[SourceTitle "Ajedrez en Madrid"]
[Source "lmi"]
[SourceDate "2023.04.17"]
[SourceVersion "1"]
[SourceVersionDate "2023.05.22"]
[SourceQuality "1"]

1. e4 c5 2. Nf3 d6 3. d4 cxd4 4. Nxd4 Nf6 5. Nc3 g6 6. f4 Nc6 7. Nxc6 bxc6 8.
e5 dxe5 9. Qxd8+ Kxd8 10. fxe5 Nd5 11. Bd2 Bg7 12. O-O-O Ke8 13. Bc4 Be6 14.
Ne4 Bxe5 15. Nc5 Bf5 16. Rhe1 Bxh2 17. Bxd5 cxd5 18. Bc3 Rg8 19. Rxd5 Rd8 20.
Rxd8+ Kxd8 21. Nb7+ Kd7 22. Bd4 Rb8 23. Nc5+ Kd6 24. Nb3 e6 25. Bxa7 Ra8 26.
Bc5+ Kc6 27. Kb1 h5 28. Bf2 Bd6 29. Nd4+ Kd7 30. Nxf5 exf5 31. c4 Kc6 32. a3
Rb8 33. Kc2 Ra8 34. Kb3 Rb8+ 35. Ka2 Ra8 36. Rc1 Re8 37. c5 Bc7 38. Rc2 Re4 39.
b4 Rg4 40. Be1 Re4 41. Bc3 h4 42. a4 h3 43. gxh3 f4 44. b5+ Kb7 45. b6 Bb8 46.
Kb3 f3 47. Rf2 Re3 48. Kc4 Bg3 49. Rf1 f2 50. a5 Ka6 51. c6 Re6 52. c7 Rc6+ 53.
Kd3 Kb7 54. Bd4 Bh4 55. Bxf2 1-0

[Event "Madrid ch Veteranos 2223"]
[Site "Madrid ESP"]
[Date "2023.04.25"]
[Round "7.7"]
[White "Sanchez Peral, Pedro"]
[Black "Pastor Alonso De Prado, Alberto"]
[Result "0-1"]
[WhiteElo "1761"]
[BlackElo "2071"]
[PlyCount "64"]
[EventDate "2023.04.17"]
[EventType "swiss"]
[EventRounds "9"]
[EventCountry "ESP"]
[SourceTitle "Ajedrez en Madrid"]
[Source "lmi"]
[SourceDate "2023.04.17"]
[SourceVersion "1"]
[SourceVersionDate "2023.05.22"]
[SourceQuality "1"]

1. e4 c6 2. d4 d5 3. exd5 cxd5 4. Bd3 Nc6 5. c3 Qc7 6. h3 g6 7. Nf3 Bg7 8. O-O
Nf6 9. Re1 Bf5 10. Na3 Bxd3 11. Qxd3 O-O 12. Be3 Rac8 13. Rac1 Rfd8 14. c4 dxc4
15. Qxc4 Nd5 16. Nb5 Qd7 17. Qe2 Nxe3 18. fxe3 a6 19. Nc3 b5 20. Red1 Qa7 21.
Kh1 e6 22. b3 Ne7 23. Qf2 Qb7 24. e4 b4 25. Na4 Rxc1 26. Rxc1 Qxe4 27. Nc5 Qf5
28. Nxa6 Bxd4 29. Qd2 Bb6 30. Qxb4 Nd5 31. Qg4 Qxg4 32. hxg4 Ra8 0-1

[Event "Madrid ch Veteranos 2223"]
[Site "Madrid ESP"]
[Date "2023.04.25"]
[Round "7.8"]
[White "Pareja Vicente, Antonio"]
[Black "Herrero Reques, Sergio"]
[Result "0-1"]
[WhiteElo "1783"]
[BlackElo "2021"]
[PlyCount "86"]
[EventDate "2023.04.17"]
[EventType "swiss"]
[EventRounds "9"]
[EventCountry "ESP"]
[SourceTitle "Ajedrez en Madrid"]
[Source "lmi"]
[SourceDate "2023.04.17"]
[SourceVersion "1"]
[SourceVersionDate "2023.05.22"]
[SourceQuality "1"]

1. e4 c6 2. d4 d5 3. exd5 cxd5 4. Nf3 Bg4 5. h3 Bh5 6. c3 e6 7. Nbd2 Bd6 8. Be2
Nf6 9. O-O Qc7 10. Re1 O-O 11. Nh4 Bxe2 12. Rxe2 Nc6 13. Nhf3 b5 14. a3 a5 15.
a4 Rab8 16. Qe1 Nd7 17. axb5 Rxb5 18. Nf1 Rfb8 19. Ne3 Bf4 20. Ng4 Bxc1 21.
Qxc1 Nb6 22. Nge5 Nxe5 23. Nxe5 Nc4 24. Nd3 Qb6 25. Ra2 h6 26. Qa1 Nd6 27. Nc5
Rc8 28. Nd7 Qc7 29. Nc5 Nc4 30. b3 Nd6 31. Qc1 Qc6 32. c4 dxc4 33. bxc4 Rb4 34.
Rxa5 Rxc4 35. Qf4 Nf5 36. Nb3 Qb6 37. Ra3 Qb4 38. Rea2 Rc3 39. g4 Rxb3 40. Rxb3
Qxb3 41. Ra7 Qb6 42. Rd7 Qc6 43. Ra7 Qc1+ 0-1

[Event "Madrid ch Veteranos 2223"]
[Site "Madrid ESP"]
[Date "2023.04.25"]
[Round "7.9"]
[White "Lopez de Turiso Sanchez, Jose Antonio"]
[Black "Hernandez Gutierrez, Jose"]
[Result "1/2-1/2"]
[WhiteElo "1904"]
[BlackElo "1767"]
[PlyCount "51"]
[EventDate "2023.04.17"]
[EventType "swiss"]
[EventRounds "9"]
[EventCountry "ESP"]
[SourceTitle "Ajedrez en Madrid"]
[Source "lmi"]
[SourceDate "2023.04.17"]
[SourceVersion "1"]
[SourceVersionDate "2023.05.22"]
[SourceQuality "1"]

1. c4 c6 2. Nc3 d5 3. cxd5 cxd5 4. d4 Nc6 5. e4 e6 6. e5 Qb6 7. Nf3 Nge7 8. Be2
Nf5 9. Na4 Bb4+ 10. Kf1 Qd8 11. g4 Nh4 12. Nxh4 Qxh4 13. a3 Be7 14. Bf4 f5 15.
Bg3 Qh3+ 16. Kg1 O-O 17. gxf5 Qxf5 18. Bd3 Qf3 19. Bc2 b6 20. Qxf3 Rxf3 21. Rd1
Bd7 22. Kg2 Rff8 23. h4 Rac8 24. Nc3 Na5 25. Rd3 Nc4 26. Rb1 1/2-1/2

[Event "Madrid ch Veteranos 2223"]
[Site "Madrid ESP"]
[Date "2023.04.25"]
[Round "7.10"]
[White "Suarez-Llanos Florez, Gonzalo"]
[Black "Martin Garcia, Luis I"]
[Result "1/2-1/2"]
[WhiteElo "2052"]
[BlackElo "1814"]
[PlyCount "103"]
[EventDate "2023.04.17"]
[EventType "swiss"]
[EventRounds "9"]
[EventCountry "ESP"]
[SourceTitle "Ajedrez en Madrid"]
[Source "lmi"]
[SourceDate "2023.04.17"]
[SourceVersion "1"]
[SourceVersionDate "2023.05.22"]
[SourceQuality "1"]

1. Nf3 d5 2. d4 Nf6 3. c4 e6 4. Bg5 Be7 5. Nc3 c6 6. e3 Nbd7 7. Rc1 h6 8. Bh4
O-O 9. Bd3 dxc4 10. Bxc4 Nd5 11. Bxe7 Qxe7 12. O-O N5b6 13. Bb3 c5 14. Ne4 cxd4
15. Qxd4 Nf6 16. Nxf6+ Qxf6 17. Rfd1 Bd7 18. Ne5 Rfd8 19. Nxd7 Nxd7 20. Qxf6
Nxf6 21. Rc7 b5 22. Rxd8+ Rxd8 23. Rxa7 Rd2 24. f3 Rxb2 25. e4 Rb1+ 26. Kf2
Rb2+ 27. Kf1 Rb1+ 28. Ke2 Rb2+ 29. Kf1 Rb1+ 30. Kf2 Rb2+ 31. Ke3 Rxg2 32. h4 g5
33. hxg5 Rxg5 34. f4 Rg3+ 35. Kd4 Rg4 36. Ke5 Rg6 37. f5 Ng4+ 38. Kf4 e5+ 39.
Kf3 Nh2+ 40. Kf2 Rg7 41. Rb7 h5 42. Bd1 Ng4+ 43. Bxg4 Rxg4 44. Kf3 Rf4+ 45. Ke3
Rh4 46. Rxb5 Rh3+ 47. Kf2 f6 48. Ra5 Kg7 49. Ra6 Rc3 50. a4 h4 51. a5 Ra3 52.
Ra8 1/2-1/2

[Event "Madrid ch Veteranos 2223"]
[Site "Madrid ESP"]
[Date "2023.04.25"]
[Round "7.11"]
[White "Gonzalez Rivera, Eduardo"]
[Black "Garcia Martin, Esteban"]
[Result "1-0"]
[WhiteElo "2026"]
[BlackElo "1809"]
[PlyCount "51"]
[EventDate "2023.04.17"]
[EventType "swiss"]
[EventRounds "9"]
[EventCountry "ESP"]
[SourceTitle "Ajedrez en Madrid"]
[Source "lmi"]
[SourceDate "2023.04.17"]
[SourceVersion "1"]
[SourceVersionDate "2023.05.22"]
[SourceQuality "1"]

1. e4 c5 2. Nf3 d6 3. d4 cxd4 4. Nxd4 Nf6 5. Nc3 g6 6. Be3 Bg7 7. Be2 a6 8. f4
Qc7 9. Bf3 Nc6 10. Nb3 h5 11. a4 Na5 12. Nxa5 Qxa5 13. O-O Bg4 14. h3 Bxf3 15.
Qxf3 e6 16. Rad1 Qc7 17. e5 dxe5 18. fxe5 Ng4 19. hxg4 hxg4 20. Qxg4 Bxe5 21.
Rf3 Rg8 22. Qb4 Bh2+ 23. Kf1 g5 24. Ne4 Be5 25. Bb6 Qxc2 26. Rfd3 1-0

[Event "Madrid ch Veteranos 2223"]
[Site "Madrid ESP"]
[Date "2023.04.25"]
[Round "7.12"]
[White "Fiz Criado, Fidel"]
[Black "Lopez Molina, Francisco"]
[Result "0-1"]
[WhiteElo "1807"]
[BlackElo "1905"]
[PlyCount "46"]
[EventDate "2023.04.17"]
[EventType "swiss"]
[EventRounds "9"]
[EventCountry "ESP"]
[SourceTitle "Ajedrez en Madrid"]
[Source "lmi"]
[SourceDate "2023.04.17"]
[SourceVersion "1"]
[SourceVersionDate "2023.05.22"]
[SourceQuality "1"]

1. d4 d5 2. e4 dxe4 3. Nc3 Nf6 4. f3 exf3 5. Nxf3 Bf5 6. Bc4 e6 7. O-O c6 8.
Ne5 Bg6 9. Be3 Nbd7 10. Nxg6 hxg6 11. Qf3 Bd6 12. h3 Qc7 13. Ne4 Bh2+ 14. Kh1
Nxe4 15. Qxe4 Nf6 16. Qf3 O-O-O 17. c3 Nh5 18. Bf2 Bd6 19. b4 a6 20. a4 Rh7 21.
b5 cxb5 22. Bd3 Nf4 23. Bg3 Nxh3 0-1

[Event "Madrid ch Veteranos 2223"]
[Site "Madrid ESP"]
[Date "2023.04.25"]
[Round "7.13"]
[White "Martin Martin, Luis Vicente"]
[Black "Barahona Torrijos, Angel"]
[Result "1/2-1/2"]
[WhiteElo "1871"]
[BlackElo "1696"]
[PlyCount "86"]
[EventDate "2023.04.17"]
[EventType "swiss"]
[EventRounds "9"]
[EventCountry "ESP"]
[SourceTitle "Ajedrez en Madrid"]
[Source "lmi"]
[SourceDate "2023.04.17"]
[SourceVersion "1"]
[SourceVersionDate "2023.05.22"]
[SourceQuality "1"]

1. Nf3 Nf6 2. d4 c5 3. c3 e6 4. Bf4 Nc6 5. e3 d5 6. Nbd2 cxd4 7. exd4 Bd6 8.
Bxd6 Qxd6 9. Bb5 Bd7 10. O-O O-O 11. Re1 a6 12. Bd3 Rac8 13. Ne5 g6 14. f4 Nh5
15. g3 Nxe5 16. fxe5 Qe7 17. Rf1 f5 18. exf6 Rxf6 19. Qe2 Rcf8 20. Nf3 g5 21.
Ne5 Be8 22. Ng4 Rxf1+ 23. Rxf1 Rxf1+ 24. Qxf1 Kg7 25. Qf3 Nf6 26. Qxf6+ Qxf6
27. Nxf6 Kxf6 28. Bxh7 e5 29. dxe5+ Kxe5 30. Kf2 d4 31. cxd4+ Kxd4 32. h4 gxh4
33. gxh4 Bf7 34. a3 b5 35. Kf3 a5 36. Kf4 Kc4 37. Bc2 b4 38. axb4 Kxb4 39. Kg5
a4 40. Bg6 Bxg6 41. Kxg6 Kb3 42. h5 Kxb2 43. h6 a3 1/2-1/2

[Event "Madrid ch Veteranos 2223"]
[Site "Madrid ESP"]
[Date "2023.04.25"]
[Round "7.14"]
[White "Hetz, Robert"]
[Black "Camacho Casado, Demetrio"]
[Result "1/2-1/2"]
[WhiteElo "1627"]
[BlackElo "1862"]
[PlyCount "39"]
[EventDate "2023.04.17"]
[EventType "swiss"]
[EventRounds "9"]
[EventCountry "ESP"]
[SourceTitle "Ajedrez en Madrid"]
[Source "lmi"]
[SourceDate "2023.04.17"]
[SourceVersion "1"]
[SourceVersionDate "2023.05.22"]
[SourceQuality "1"]

1. d4 Nf6 2. c4 g6 3. Nc3 d5 4. cxd5 Nxd5 5. e4 Nxc3 6. bxc3 Bg7 7. Rb1 O-O 8.
Be3 c5 9. Qd2 cxd4 10. cxd4 Nc6 11. Nf3 b6 12. Bb5 Bb7 13. O-O Na5 14. Bd3 Rc8
15. Rbc1 Rxc1 16. Rxc1 e6 17. Bh6 Qd7 18. Bxg7 Kxg7 19. h4 h5 20. Qf4 1/2-1/2

[Event "Madrid ch Veteranos 2223"]
[Site "Madrid ESP"]
[Date "2023.04.25"]
[Round "7.15"]
[White "Lopez Molina, Santiago Jorge"]
[Black "Perez Hernandez, Alfonso"]
[Result "1/2-1/2"]
[WhiteElo "1857"]
[BlackElo "1719"]
[PlyCount "49"]
[EventDate "2023.04.17"]
[EventType "swiss"]
[EventRounds "9"]
[EventCountry "ESP"]
[SourceTitle "Ajedrez en Madrid"]
[Source "lmi"]
[SourceDate "2023.04.17"]
[SourceVersion "1"]
[SourceVersionDate "2023.05.22"]
[SourceQuality "1"]

1. e4 c5 2. d4 cxd4 3. c3 d5 4. exd5 Qxd5 5. cxd4 Nf6 6. Nc3 Qd8 7. Nf3 e6 8.
Bc4 Nc6 9. O-O Be7 10. Re1 O-O 11. Be3 Nb4 12. Rc1 a6 13. h3 b5 14. Bb3 Bb7 15.
a3 Nbd5 16. Ne5 Rc8 17. Nxd5 Nxd5 18. Rxc8 Qxc8 19. Qd3 Nf6 20. Rc1 Qa8 21. f3
Rc8 22. Bc2 g6 23. Bg5 Rc7 24. Bb3 Rxc1+ 25. Bxc1 1/2-1/2

[Event "Madrid ch Veteranos 2223"]
[Site "Madrid ESP"]
[Date "2023.04.25"]
[Round "7.16"]
[White "Viñas Lopez, Carlos"]
[Black "Rodriguez Rodriguez, Ricardo"]
[Result "1-0"]
[WhiteElo "1853"]
[BlackElo "1568"]
[PlyCount "63"]
[EventDate "2023.04.17"]
[EventType "swiss"]
[EventRounds "9"]
[EventCountry "ESP"]
[SourceTitle "Ajedrez en Madrid"]
[Source "lmi"]
[SourceDate "2023.04.17"]
[SourceVersion "1"]
[SourceVersionDate "2023.05.22"]
[SourceQuality "1"]

1. d4 d6 2. Nf3 g6 3. c4 Bg7 4. Nc3 Nd7 5. e4 c6 6. Be3 e5 7. Qd2 Ngf6 8. Rd1
Qc7 9. Bh6 O-O 10. Be2 Re8 11. Bxg7 Kxg7 12. O-O Nf8 13. d5 c5 14. Ne1 Ng8 15.
f4 exf4 16. Qxf4 a6 17. Bd3 Qe7 18. Nf3 f6 19. Rd2 Nh6 20. h3 Nf7 21. Rdf2 Nd7
22. Bc2 Nfe5 23. Nxe5 Qxe5 24. Qxe5 Nxe5 25. Rxf6 Nxc4 26. Bb3 Nd2 27. R1f2
Nxb3 28. axb3 b5 29. Rxd6 b4 30. Na4 Rxe4 31. Rd8 Bb7 32. Rd7+ 1-0

[Event "Madrid ch Veteranos 2223"]
[Site "Madrid ESP"]
[Date "2023.04.25"]
[Round "7.17"]
[White "Estrada Martinez, Cesar"]
[Black "Balsera Gomez, Antonio"]
[Result "1/2-1/2"]
[WhiteElo "1903"]
[BlackElo "1718"]
[PlyCount "102"]
[EventDate "2023.04.17"]
[EventType "swiss"]
[EventRounds "9"]
[EventCountry "ESP"]
[SourceTitle "Ajedrez en Madrid"]
[Source "lmi"]
[SourceDate "2023.04.17"]
[SourceVersion "1"]
[SourceVersionDate "2023.05.22"]
[SourceQuality "1"]

1. d4 Nf6 2. c4 e6 3. Nf3 b6 4. Nc3 Bb4 5. Bg5 h6 6. Bf4 Bb7 7. e3 Ne4 8. Qc2
O-O 9. Bd3 f5 10. O-O Bxc3 11. bxc3 d6 12. h3 Nd7 13. Nd2 Nxd2 14. Qxd2 e5 15.
Bh2 e4 16. Be2 Qe7 17. f4 c6 18. a4 Ba6 19. c5 Bxe2 20. cxd6 Qxd6 21. Qxe2 Nf6
22. c4 c5 23. d5 a6 24. Rfd1 Qd7 25. Bg3 Ne8 26. Be1 Nd6 27. Rdb1 Rab8 28. Qc2
Rfc8 29. Rb2 b5 30. axb5 axb5 31. cxb5 Rxb5 32. Rxb5 Qxb5 33. Ra7 Qb6 34. Qa4
Qb5 35. Qxb5 Nxb5 36. Rb7 Nd6 37. Rd7 Nf7 38. Bc3 Rd8 39. Rxd8+ Nxd8 40. Kf1
Kf7 41. Ke2 g6 42. Kd2 Ke7 43. Be5 Nf7 44. Kc3 g5 45. g3 h5 46. Kc4 h4 47. gxh4
g4 48. Bc3 Kd6 49. Be1 Nh6 50. h5 Nf7 51. Bf2 Nh6 1/2-1/2

[Event "Madrid ch Veteranos 2223"]
[Site "Madrid ESP"]
[Date "2023.04.25"]
[Round "7.18"]
[White "Alberdi Garcia, Carlos Alfonso"]
[Black "Alonso Abad, Enrique"]
[Result "0-1"]
[WhiteElo "1699"]
[BlackElo "1901"]
[PlyCount "106"]
[EventDate "2023.04.17"]
[EventType "swiss"]
[EventRounds "9"]
[EventCountry "ESP"]
[SourceTitle "Ajedrez en Madrid"]
[Source "lmi"]
[SourceDate "2023.04.17"]
[SourceVersion "1"]
[SourceVersionDate "2023.05.22"]
[SourceQuality "1"]

1. d4 d5 2. Nc3 Nf6 3. Bf4 c6 4. e3 e6 5. Nf3 Bd6 6. Bd3 Qc7 7. Bxd6 Qxd6 8.
Ne5 b6 9. Qe2 Nbd7 10. f4 Bb7 11. O-O-O c5 12. Nb5 Qb8 13. c3 a6 14. Na3 b5 15.
b4 cxb4 16. cxb4 Qd6 17. Qb2 Nb6 18. Kb1 O-O 19. Rc1 Ne4 20. Bxe4 dxe4 21. Qd2
Rfc8 22. Rxc8+ Rxc8 23. Rc1 Rxc1+ 24. Kxc1 f6 25. Ng4 Bd5 26. Kb1 h5 27. Nf2 e5
28. g3 exf4 29. gxf4 Nc8 30. Qc3 Ne7 31. Qc5 Qe6 32. Qc2 Ng6 33. Qe2 Nh4 34.
Nd1 Qe7 35. Qd2 Nf3 36. Qb2 Ne1 37. Qc3 Nd3 38. Nc2 Qe6 39. a3 Bc4 40. Nb2 Nxb2
41. Kxb2 h4 42. Qd2 g5 43. Qf2 h3 44. fxg5 fxg5 45. Qg3 g4 46. Qf4 Qg6 47. Qb8+
Kh7 48. Qf4 Bf7 49. d5 g3 50. Qh4+ Kg7 51. d6 Qf6+ 52. Nd4 Qxh4 53. Nf5+ Kf8
0-1

[Event "Madrid ch Veteranos 2223"]
[Site "Madrid ESP"]
[Date "2023.04.25"]
[Round "7.19"]
[White "Lobato Palomo, Manuel Angel"]
[Black "Vukotic Jovsic, Dragan"]
[Result "1-0"]
[WhiteElo "1689"]
[BlackElo "1866"]
[PlyCount "127"]
[EventDate "2023.04.17"]
[EventType "swiss"]
[EventRounds "9"]
[EventCountry "ESP"]
[SourceTitle "Ajedrez en Madrid"]
[Source "lmi"]
[SourceDate "2023.04.17"]
[SourceVersion "1"]
[SourceVersionDate "2023.05.22"]
[SourceQuality "1"]

1. d4 d5 2. Bf4 Nf6 3. Nc3 Bf5 4. f3 e6 5. g4 Bg6 6. h4 h6 7. e3 Bd6 8. h5 Bh7
9. Bd3 Bxf4 10. exf4 Qd6 11. Bxh7 Nxh7 12. Nge2 O-O 13. Qd2 c5 14. O-O-O f6 15.
dxc5 Qxc5 16. Nd4 Re8 17. Rhe1 Kf7 18. Re2 Nc6 19. Nxc6 bxc6 20. Qd4 Qxd4 21.
Rxd4 Nf8 22. Ra4 g6 23. Ra6 Rec8 24. Na4 Rc7 25. Nc5 Rb8 26. hxg6+ Nxg6 27.
Rxe6 Rb5 28. Raxc6 Rxc6 29. Rxc6 Nxf4 30. Nb3 Rb7 31. Nd4 h5 32. gxh5 Nxh5 33.
Ne2 Re7 34. Kd2 Kg6 35. Rd6 Re5 36. Ra6 Re7 37. Ra5 Rd7 38. Kd3 Kf5 39. Ra4 Ke5
40. Rh4 Ng7 41. Rh7 f5 42. Ng3 f4 43. Nh5 Ne6 44. Rxd7 Nc5+ 45. Ke2 Nxd7 46.
Ng7 Nb6 47. b3 d4 48. Kd3 Nd5 49. a3 Nc3 50. Ne8 Nd5 51. Ng7 a5 52. Nh5 Nb6 53.
Nxf4 Kxf4 54. Kxd4 a4 55. bxa4 Nxa4 56. c4 Kxf3 57. c5 Kf4 58. c6 Kf5 59. Kd5
Nc3+ 60. Kd6 Nb5+ 61. Kd7 Nxa3 62. c7 Nc4 63. Kc6 Na5+ 64. Kd6 1-0

[Event "Madrid ch Veteranos 2223"]
[Site "Madrid ESP"]
[Date "2023.04.25"]
[Round "7.20"]
[White "Fernandez Garcia, Ignacio"]
[Black "Camarero Izquierdo, Juan Carlos"]
[Result "0-1"]
[WhiteElo "1851"]
[BlackElo "1680"]
[PlyCount "88"]
[EventDate "2023.04.17"]
[EventType "swiss"]
[EventRounds "9"]
[EventCountry "ESP"]
[SourceTitle "Ajedrez en Madrid"]
[Source "lmi"]
[SourceDate "2023.04.17"]
[SourceVersion "1"]
[SourceVersionDate "2023.05.22"]
[SourceQuality "1"]

1. e4 c6 2. Nc3 d5 3. exd5 cxd5 4. Bb5+ Bd7 5. Qe2 Nf6 6. Nf3 Nc6 7. d4 e6 8.
a3 Be7 9. Bg5 O-O 10. h3 Qb6 11. Na4 Qa5+ 12. Bd2 Qc7 13. Nc3 a6 14. Bd3 b5 15.
b4 Rac8 16. Nd1 Bd6 17. Bg5 Ne8 18. Bd2 e5 19. dxe5 Nxe5 20. Nxe5 Bxe5 21. Rc1
Nd6 22. O-O Rfe8 23. Ne3 Bc6 24. Qh5 g6 25. Qd1 Nc4 26. Bxc4 bxc4 27. Ng4 Bg7
28. c3 Qd7 29. Be3 f5 30. Nh2 Re4 31. Nf3 Rce8 32. Bd4 Bh6 33. Ra1 Ba4 34. Qb1
Re2 35. b5 a5 36. b6 Bc2 37. Qb2 Bd3 38. Qxe2 Bxe2 39. Rfb1 Bxf3 40. gxf3 Bg7
41. Rd1 Bxd4 42. Rxd4 Qb5 43. Rad1 Qxb6 44. Rxd5 Qb3 0-1

[Event "Madrid ch Veteranos 2223"]
[Site "Madrid ESP"]
[Date "2023.04.25"]
[Round "7.21"]
[White "Carrera Cabaneros, Francisco"]
[Black "Jimenez Jimenez, Jose Luis"]
[Result "0-1"]
[WhiteElo "1684"]
[BlackElo "1737"]
[PlyCount "144"]
[EventDate "2023.04.17"]
[EventType "swiss"]
[EventRounds "9"]
[EventCountry "ESP"]
[SourceTitle "Ajedrez en Madrid"]
[Source "lmi"]
[SourceDate "2023.04.17"]
[SourceVersion "1"]
[SourceVersionDate "2023.05.22"]
[SourceQuality "1"]

1. d4 Nf6 2. c4 e6 3. Nf3 d5 4. Bg5 Be7 5. e3 Nbd7 6. Nc3 a6 7. Bd3 O-O 8. O-O
dxc4 9. Bxc4 b5 10. Bd3 Bb7 11. Rc1 c5 12. dxc5 Nxc5 13. Be2 Qb6 14. b4 Nce4
15. Nxe4 Bxe4 16. a3 h6 17. Bh4 Rfd8 18. Qb3 Bd5 19. Qb2 Qb7 20. Bg3 Rac8 21.
Rxc8 Rxc8 22. Rc1 Ne4 23. Be5 f6 24. Bg3 e5 25. Ne1 Rc6 26. Bf3 Qc7 27. Rxc6
Qxc6 28. Qc2 Qc4 29. Qxc4 bxc4 30. Kf1 a5 31. Nc2 Nd2+ 32. Ke1 Nxf3+ 33. gxf3
Bxf3 34. Kd2 axb4 35. axb4 Kf7 36. Kc3 Bd5 37. Na3 Ke6 38. Nxc4 Bc6 39. f4 exf4
40. Bxf4 Bb5 41. Na3 Be2 42. Nc2 Kd5 43. Nd4 Bf1 44. Bg3 Ke4 45. b5 Bc5 46. Bc7
Bxd4+ 47. exd4 Bxb5 48. Bb6 f5 49. Kd2 Bc4 50. Bc5 g5 51. Ke1 Kf3 52. Bf8 h5
53. Be7 g4 54. Bd6 h4 55. d5 g3 56. hxg3 hxg3 57. Bc5 Bxd5 58. Kf1 f4 59. Bb6
Bc4+ 60. Kg1 Ke4 61. Kg2 Be2 62. Ba7 Bf3+ 63. Kg1 Kf5 64. Bb6 Bd5 65. Bc7 Kg4
66. Bd6 f3 67. Bc5 Kf5 68. Bb6 Ke4 69. Ba7 Kd3 70. Bb8 f2+ 71. Kf1 Bg2+ 72.
Kxg2 Ke2 0-1